000
002230000a22000970004500
100
1
_a
Tson, Josef
245
1
0
_a
Thank you for the beating
300
_a
Vol. 9, Núm 2 (1991), Páginas 20-21
773
0
_t
Evangel
942
_c
ANA
999
_c
54273
_d
54273